[Event "45th Olympiad 2024"]
[Site "Budapest HUN"]
[Date "2024.09.14"]
[Round "4.9"]
[Board "2"]
[White "Haring, Filip"]
[Black "Christiansen, Johan-Sebastian"]
[Result "0-1"]
[WhiteElo "2503"]
[BlackElo "2661"]
[PlyCount "116"]
[EventDate "2024.09.11"]
[WhiteTeam "Slovakia"]
[BlackTeam "Norway"]
[WhiteTeamCountry "SVK"]
[BlackTeamCountry "NOR"]

1. e4 e6 2. d4 d5 3. Nc3 Nf6 4. Bg5 dxe4 5. Nxe4 Be7 6. Bxf6 gxf6 7. Nc3 Nd7 ({RR} 7... a6 8. a4 Nc6 9. Nge2 e5 10. d5 Nb4 11. Ng3 f5 12. Bc4 Qd6 13. Bb3 h5 14. Qe2 h4 15. Nf1 Bd7 16. Nd2 e4 17. f3 exf3 18. Nxf3 O-O-O 19. O-O-O Bf6 20. Qf2 Kb8 21. Nd4 Rhg8 22. Nxf5 {1-0 Aronian,L (2722)-Sevian,S (2697) American Cup Champ 2024 (1.5)}) 8. g3 c6 9. Bg2 Qa5 $146 ({RR} 9... f5 10. Qe2 Nf6 11. Nf3 Bd7 12. Ne5 Bd6 13. O-O-O Qe7 14. Na4 O-O-O 15. Rd3 Nd5 16. c4 Nb6 17. c5 Bxe5 18. Nxb6+ axb6 19. Qxe5 f6 20. Qe3 bxc5 21. dxc5 e5 22. Rhd1 Be6 23. Rd6 Kc7 24. a3 {1-0 De Vreugt,D (2429)-Stellwagen,D (2337) Lost Boys op 2001 (7)}) ({RR} 9... Nb6 10. Nge2 Bd7 11. O-O Qc7 12. a4 a5 13. Re1 h5 14. Nf4 h4 15. Qg4 hxg3 16. hxg3 Kf8 17. Qf3 Rd8 18. Ne4 Bc8 19. c3 Nd5 20. Nd3 f5 21. Nd2 b6 22. Nc4 c5 23. Na3 Ba6 24. Ne5 {1-0 Grachev,A (2402)-Sakaev,K (2568) Aeroflot Open A 2024 (7.18)}) ({RR} 9... Qc7 10. Qh5 f5 11. Nf3 h6 12. Nd2 Nf6 13. Qe2 Bd7 14. Nc4 O-O-O 15. O-O-O Be8 16. a3 h5 17. Rhe1 h4 18. Kb1 hxg3 19. hxg3 Ng4 20. Bf3 Nf6 21. Ne5 Kb8 22. Qe3 Bf8 23. Na4 Nd7 24. Nxd7+ {½-½ De Vreugt,D (2460)-Sturua,Z (2600) EU-ch 2nd Ohrid 2001 (7)}) 10. Nge2 Nf8 11. a3 Ng6 12. Qd3 Bd7 13. h4 h5 14. Nc1 Qc7 15. Nb3 b6 16. Qe2 Rd8 17. O-O-O a5 18. Kb1 a4 19. Nc1 b5 20. Nd3 Kf8 21. f4 Be8 22. Qe3 f5 23. Bf3 Qb6 24. Ne2 Bf6 25. Nc5 Kg7 26. c3 Ne7 27. Nc1 Ng8 28. Qe2 Kg6 29. N1d3 Be7 30. Ne5+ Kg7 31. Bxh5 Bxc5 32. dxc5 Rxd1+ 33. Rxd1 Qxc5 34. Bf3 Nf6 35. Qg2 Qe3 36. Rd3 Qe1+ 37. Ka2 c5 38. Be2 Qc1 39. Rd1 Qc2 40. Bf3 Qxg2 41. Bxg2 Rg8 42. Rd6 Kf8 43. Bc6 Ke7 44. Rd3 c4 45. Rf3 Ng4 46. Bxe8 Nxe5 47. fxe5 Kxe8 48. Kb1 Rg4 49. Kc2 Kd7 50. Kd2 Kc6 51. h5 Kd5 52. h6 Rg6 53. h7 Rh6 54. g4 Rxh7 55. gxf5 Ke4 56. Rf2 exf5 57. Re2+ Kf3 58. Re3+ Kg4 0-1

[Event "45th Olympiad 2024"]
[Site "Budapest HUN"]
[Date "2024.09.14"]
[Round "4.9"]
[Board "4"]
[White "Druska, Juraj"]
[Black "Urkedal, Frode Olav Olsen"]
[Result "1/2-1/2"]
[WhiteElo "2441"]
[BlackElo "2546"]
[PlyCount "103"]
[EventDate "2024.09.11"]
[WhiteTeam "Slovakia"]
[BlackTeam "Norway"]
[WhiteTeamCountry "SVK"]
[BlackTeamCountry "NOR"]

1. d4 Nf6 2. c4 e6 3. Nc3 Bb4 4. e3 O-O 5. Bd2 d5 6. Nf3 Nbd7 7. a3 Be7 8. cxd5 exd5 9. Bd3 Bd6 $146 ({RR} 9... c6 10. O-O Bd6 11. Qc2 Re8 12. Rfe1 h6 13. h3 Qc7 14. Rac1 a6 15. Na4 Qd8 16. Nc3 Qc7 17. Na4 Qd8 18. Nc3 Qc7 {½-½ Anton Guijarro,D (2669)-Wojtaszek,R (2700) EU-chT 23rd Terme Catez 2021 (8.2)}) ({RR} 9... c6 10. Qc2 Re8 11. Ne5 Nf8 12. O-O Ng4 13. Nf3 Bd6 14. h3 Nf6 15. Rfe1 Ng6 16. b4 a6 17. Rab1 Bd7 18. a4 Rc8 19. e4 dxe4 20. Nxe4 Nxe4 21. Bxe4 Be6 22. Ng5 Bd5 23. Bxd5 cxd5 24. Qf5 {0-1 Bluebaum,M (2655)-Caruana,F (2804) Titled Tue 2nd Jan Late 2024 (11)}) ({RR} 9... Re8 10. O-O c6 11. Rc1 Bd6 12. Re1 Ne4 13. Qc2 Ndf6 14. h3 Qe7 15. Bxe4 Nxe4 16. Nxe4 dxe4 17. Nh2 Qg5 18. f4 exf3 19. Nxf3 Qg3 20. Rf1 Bxh3 21. Be1 Qg4 22. Kh1 Qf5 23. gxh3 Qxh3+ 24. Kg1 {0-1 Conley,S-McKinney,T Monroe ch-MI op 1986 (6)}) ({RR} 9... Nb6 10. O-O Bg4 11. h3 Bh5 12. Rc1 c6 13. e4 dxe4 14. Nxe4 Nbd5 15. Nxf6+ Nxf6 16. Re1 Re8 17. Bc3 Qd5 18. Be2 Bd6 19. Ne5 Bxe5 20. Bxh5 Bc7 21. Bf3 Qd6 22. g3 h6 23. Qc2 Re6 24. Rxe6 {½-½ Miethsam,G-Antusch,I Bayern-chB (Women) 57th 1986 (6)}) 10. Qc2 c5 11. dxc5 Nxc5 12. Bf5 Nfe4 13. Bxc8 Rxc8 14. O-O Nxd2 15. Nxd2 Be5 16. Rac1 d4 17. exd4 Bxd4 18. Ndb1 Rc6 19. Rcd1 Ne6 20. Rd2 Qg5 21. Rfd1 Bb6 22. Qe4 Nc5 23. Qd5 Qg6 24. h4 h5 25. Qg5 Qxg5 26. hxg5 Re8 27. Rd5 Ne6 28. g3 h4 29. Kg2 hxg3 30. fxg3 Bd8 31. Rd7 Rb6 32. Na4 Rb5 33. g6 fxg6 34. b4 Rg5 35. Nc5 Bb6 36. Rxb7 Nxc5 37. bxc5 Bxc5 38. Rdd7 Re2+ 39. Kh3 Re3 40. Rxg7+ Kf8 41. Rh7 Rexg3+ 42. Kh2 Rg2+ 43. Kh3 R5g3+ 44. Kh4 g5+ 45. Kh5 Rh3+ 46. Kg6 Rxh7 47. Rxh7 g4 48. Nc3 g3 49. Nd5 Rh2 50. Rf7+ Ke8 51. Nc7+ Kd8 52. Ne6+ 1/2-1/2

[Event "45th Olympiad 2024"]
[Site "Budapest HUN"]
[Date "2024.09.14"]
[Round "4.10"]
[Board "3"]
[White "Jobava, Baadur"]
[Black "McShane, Luke J"]
[Result "1-0"]
[WhiteElo "2582"]
[BlackElo "2611"]
[PlyCount "79"]
[EventDate "2024.09.11"]
[WhiteTeam "Georgia"]
[BlackTeam "England"]
[WhiteTeamCountry "GEO"]
[BlackTeamCountry "ENG"]

1. d4 Nf6 2. Nc3 d5 3. Bf4 e6 4. Nb5 Na6 5. e3 Be7 6. Nf3 O-O 7. h4 c6 8. Nc3 Nc7 ({RR} 8... c5 9. Ne5 Nb4 10. h5 h6 11. g4 Nh7 12. Bg2 Bd7 13. O-O Rc8 14. dxc5 Bxc5 15. a3 Nc6 16. Nxd7 Qxd7 17. e4 d4 18. e5 Ng5 19. Ne4 Nxe4 20. Bxe4 d3 21. Qxd3 Qxd3 22. Bxd3 Bd4 23. c3 {½-½ Van Foreest,J (2714)-Giri,A (2773) Oslo Esports Cup rapid 2022 (4.2)}) 9. Ne2 $146 ({RR} 9. h5 h6 10. Ne5 Nce8 11. g4 Ne4 12. Nxe4 dxe4 13. Qd2 a5 14. O-O-O a4 15. a3 Nd6 16. f3 exf3 17. Bd3 Qa5 18. c3 c5 19. Kb1 c4 20. Bc2 Qd5 21. Qf2 Ne4 22. Qxf3 Ng5 23. Qe2 Ne4 {0-1 Shehzad,S (2310)-Dvirnyy,D (2480) Titled Tue 30th Apr Early 2024 (7)}) ({RR} 9. Bd3 Nce8 10. Ne5 Nd6 11. Qf3 Nd7 12. Kd1 f6 13. Qh5 f5 14. Nxd7 Bxd7 15. Bxd6 Bxd6 16. f4 c5 17. g4 Be8 18. Qg5 Be7 {0-1 Panesar,V (2462)-Alekseenko,K (2650) Titled Tue 12th Mar Early 2024 (3)}) 9... c5 10. c3 b5 11. dxc5 Bxc5 12. Ned4 Bd7 13. Ne5 b4 14. Nd3 Bb6 15. Nxb4 Ne4 16. Bd3 f6 17. Bxe4 dxe4 18. Qb3 Qe8 19. a4 Ba5 20. O-O Rf7 21. Bxc7 Bxc7 22. Nb5 Be5 23. Rfd1 f5 24. Nd6 Bxd6 25. Rxd6 f4 26. exf4 Rxf4 27. Qd1 Rf7 28. Qd4 Bxa4 29. Qxe4 Bb3 30. c4 a5 31. Nc6 Qf8 32. Rxa5 Rxa5 33. Rd8 Ra1+ 34. Kh2 Rxf2 35. Qxe6+ Kh8 36. Qe3 Qxd8 37. Nxd8 Rf8 38. Ne6 Rb8 39. Qg3 Rb7 40. Nc5 1-0

[Event "45th Olympiad 2024"]
[Site "Budapest HUN"]
[Date "2024.09.14"]
[Round "4.12"]
[Board "1"]
[White "Neiksans, Arturs"]
[Black "Gurel, Ediz"]
[Result "0-1"]
[WhiteElo "2571"]
[BlackElo "2602"]
[PlyCount "58"]
[EventDate "2024.09.11"]
[WhiteTeam "Latvia"]
[BlackTeam "Turkiye"]
[WhiteTeamCountry "LAT"]

1. d4 Nf6 2. c4 e6 3. Nf3 d5 4. e3 Be7 5. b3 O-O 6. Bb2 b6 7. Nbd2 Bb7 8. Bd3 Nbd7 9. O-O c5 10. Rc1 Rc8 11. Qe2 Rc7 ({RR} 11... cxd4 12. Nxd4 dxc4 13. Nxc4 Rc5 14. Rfd1 Qa8 15. f3 Re8 16. Ba3 Rxc4 17. Rxc4 Bxa3 18. Nb5 Bd5 19. Ra4 Bc5 20. Nc7 Qb8 21. Nxe8 Nxe8 22. Bb5 Ndf6 23. Kh1 g6 24. e4 Bb7 25. b4 Bd6 26. g3 {1-0 Nakamura,H (2785)-Karjakin,S (2781) Paris GCT Blitz 2017 (9)}) ({RR} 11... cxd4 12. exd4 Re8 13. Ne5 Bf8 14. Rfd1 g6 15. Ndf3 Ne4 16. Qe3 Bg7 17. Nxd7 Qxd7 18. Ne5 Qe7 19. f3 Nf6 20. c5 bxc5 21. dxc5 Nd7 22. b4 a5 23. a3 axb4 24. axb4 Nxe5 25. Bxe5 Bxe5 26. Qxe5 {1-0 Muradli,M (2589)-Grinev,V (2422) Titled Tue 9th Jul Late 2024 (5)}) 12. a3 Qa8 13. cxd5 Nxd5 14. Ne5 $146 ({RR} 14. b4 cxb4 15. Rxc7 Nxc7 16. axb4 Nd5 17. b5 Rc8 18. Bc4 Nb4 19. Ba3 Bd5 20. Rb1 Bxc4 21. Nxc4 Nd5 22. Bb2 a5 23. Nfe5 Nxe5 24. Nxe5 Bd6 25. Nc4 Qb8 26. g3 Bb4 27. e4 Qc7 28. Nxa5 Bxa5 {½-½ Ganaus,H (2315)-Schroll,G (2415) Niederoesterreich Landesliga 1011 2010 (7)}) 14... N5f6 15. f3 Rfc8 16. Nxd7 Nxd7 17. dxc5 Nxc5 18. Bc4 Bd5 19. Rfd1 h6 20. b4 Bxc4 21. Rxc4 Na4 22. Bd4 Rxc4 23. Nxc4 Qd5 24. Ne5 Qb3 25. Qd3 Nc3 26. Rd2 Qxa3 27. Rc2 Bxb4 28. Nc4 Qa1+ 29. Kf2 Qa6 0-1

[Event "45th Olympiad 2024"]
[Site "Budapest HUN"]
[Date "2024.09.14"]
[Round "4.13"]
[Board "1"]
[White "Rodrigue-Lemieux, Shawn"]
[Black "Theodorou, Nikolas"]
[Result "1/2-1/2"]
[WhiteElo "2509"]
[BlackElo "2619"]
[PlyCount "114"]
[EventDate "2024.09.11"]
[WhiteTeam "Canada"]
[BlackTeam "Greece"]
[WhiteTeamCountry "CAN"]
[BlackTeamCountry "GRE"]

1. e4 c5 2. Nf3 Nc6 3. Bb5 Nf6 4. Nc3 g6 5. O-O Bg7 6. Re1 O-O 7. e5 Ne8 8. Bxc6 dxc6 9. d3 Nc7 10. Ne4 ({RR} 10. Bf4 Bg4 11. h3 Bxf3 12. Qxf3 Ne6 13. Bh2 Nd4 14. Qd1 b6 15. Ne2 Ne6 16. Nf4 Qc8 17. Nxe6 Qxe6 18. Re4 f5 19. exf6 Qxf6 20. Qe2 Qxb2 21. Re1 Qxa2 22. Rxe7 Rf7 23. Re8+ Rxe8 24. Qxe8+ Rf8 {0-1 Guidarelli,L (2422)-Tregubov,P (2635) Corsica Masters op rapid 2003 (2)}) ({RR} 10. Bf4 Bg4 11. h3 Bxf3 12. Qxf3 Ne6 13. Bg3 Qb6 14. b3 Rad8 15. Ne4 Rd5 16. Nd2 Qb4 17. Qd1 Rfd8 18. a4 Qc3 19. Ne4 Qd4 20. a5 b5 21. axb6 axb6 22. Ra4 Qb2 23. f4 Nd4 24. Rc4 Ra8 {1-0 Kujawski,A (2111)-Cahaya,S (2184) Titled Tue 2nd Apr Late 2024 (1)}) 10... b6 11. h3 f5 $146 ({RR} 11... Be6 12. Bf4 Qd7 13. Qd2 Rfe8 14. Bh6 Bf8 15. Qf4 Bd5 16. Qh4 Ne6 17. Bd2 Bg7 18. Nfg5 Nf8 19. Bc3 h6 20. Nf3 Qf5 21. Ng3 Qe6 22. Nd2 g5 23. Qg4 Qxg4 24. hxg4 Ng6 25. Nf5 Bf8 26. f3 {1-0 Mohrlok,D-Kestler,H GER-ch49 (FRG-07) 1967 (2)}) ({RR} 11... Nd5 12. b3 Bf5 13. Bb2 Qc7 14. Qd2 Rad8 15. a3 h6 16. c4 Qd7 17. cxd5 Qxd5 18. b4 Qb3 19. d4 Qd5 20. Qe3 cxd4 21. Bxd4 f6 22. exf6 exf6 23. Ng3 Bd7 24. Rad1 Qc4 25. Qc3 Qf7 26. Rd3 {1-0 Nalesny,I-Shvedov,S (2331) Novgorod op 1999 (3)}) ({RR} 11... Nd5 12. Bd2 h6 13. a3 a5 14. Qe2 Kh7 15. Rad1 f5 16. Ng3 e6 17. c4 Ne7 18. Bc3 Qc7 19. d4 cxd4 20. Rxd4 c5 21. Rd6 Nc6 22. Red1 Rf7 23. h4 Bf8 24. Qd2 Bxd6 25. exd6 Qd8 26. Qf4 {1-0 Laske,M (2136)-Pohl,W (2008) Oberliga Wuerttemberg 0910 2009 (3.7)}) 12. Nc3 Ne6 13. a4 a5 14. Ne2 f4 15. d4 Ba6 16. c3 Qd5 17. b3 c4 18. bxc4 Bxc4 19. Ba3 Rf7 20. Nc1 Raf8 21. Rb1 b5 22. Nb3 Ra8 23. Qc2 Qd7 24. Nbd2 Bd5 25. Qb2 Nc7 26. Bc5 Rff8 27. Qc2 Ne6 28. Ba3 Rfb8 29. Rb2 Rb7 30. Reb1 Rab8 31. Qd3 Bf8 32. Kh2 Ng7 33. Nb3 Ne6 34. axb5 cxb5 35. Nxa5 Ra7 36. Bb4 Rba8 37. Nb3 Ra2 38. Nc5 Qc6 39. Nxe6 Bxe6 40. Qd2 Qe4 41. Re1 Qf5 42. Re2 Rxb2 43. Qxb2 Qh5 44. Qd2 g5 45. d5 Bxh3 46. gxh3 Qxf3 47. d6 h5 48. dxe7 Bxe7 49. Bxe7 g4 50. Re1 Kh7 51. Bf6 Rg8 52. Qd7+ Kh6 53. Bg5+ Rxg5 54. Qd6+ Kh7 55. Qd7+ Kh6 56. Qd6+ Kh7 57. Qd7+ Kh6 1/2-1/2

[Event "45th Olympiad 2024"]
[Site "Budapest HUN"]
[Date "2024.09.14"]
[Round "4.13"]
[Board "4"]
[White "Kelires, Andreas"]
[Black "Noritsyn, Nikolay"]
[Result "0-1"]
[WhiteElo "2536"]
[BlackElo "2451"]
[PlyCount "104"]
[EventDate "2024.09.11"]
[WhiteTeam "Greece"]
[BlackTeam "Canada"]
[WhiteTeamCountry "GRE"]
[BlackTeamCountry "CAN"]

1. Nf3 d5 2. g3 b6 3. Bg2 Bb7 4. O-O Nf6 5. d3 e6 6. Re1 ({RR} 6. Nc3 Be7 7. e4 dxe4 8. Ng5 Qd7 9. Ngxe4 Nxe4 10. dxe4 Qc6 11. Ne2 O-O 12. Nf4 Qd7 13. Be3 Rd8 14. Qe2 Nc6 15. Rfd1 Qe8 16. e5 Na5 {½-½ Speelman,J (2615)-Van der Wiel,J (2545) OHRA-A Amsterdam 1989}) 6... Bc5 $146 ({RR} 6... Nbd7 7. Nfd2 e5 8. e4 d4 9. Nc4 Be7 10. Bg5 c5 11. a4 O-O 12. Bd2 a6 13. Rf1 b5 14. Na5 Qc7 15. Nxb7 Qxb7 16. b3 Rac8 17. f4 c4 18. f5 {½-½ Al Khateeb,M-Abdulaziz,A Arab-ch U18 Girls 2007 (7)}) ({RR} 6... Bd6 7. e4 dxe4 8. dxe4 Bxe4 9. Rxe4 Nxe4 10. Nd4 f5 11. Nxe6 Qe7 12. Qd5 c6 13. Qxf5 Nf6 14. Nc3 g6 15. Qh3 Kf7 16. Ng5+ Kg7 17. Bd2 Qd7 18. Ne6+ Kf7 19. Re1 Re8 20. Ng5+ Kg7 21. Qxd7+ {1-0 Maugenest,T (1689)-Hoholis,G World Corporate East C rapid 2021 (1.19)}) ({RR} 6... Be7 7. b3 O-O 8. Bb2 Nbd7 9. Nbd2 c5 10. c4 Qc7 11. e4 dxe4 12. dxe4 e5 13. Qc2 Bd6 14. Nb1 Nb8 15. Nc3 Nc6 16. Rad1 Nd4 17. Nxd4 cxd4 18. Nb5 Qe7 19. Nxd6 Qxd6 20. Bxd4 Qc7 21. Bc3 {1-0 Kozul,Z (2593)-Ali,A (2130) Olympiad-38 Dresden 2008 (3)}) ({RR} 6... Be7 7. e4 dxe4 8. Ng5 O-O 9. Nxe4 Nxe4 10. dxe4 Nd7 11. e5 Bxg2 12. Kxg2 c5 13. Nd2 Qc7 14. Nf3 Rfd8 15. Qe2 c4 16. c3 b5 17. Bf4 Nc5 18. h4 Nd3 19. Red1 Nxf4+ 20. gxf4 Qc6 21. Kg3 {1-0 Smith,J-Garbotz,J Internet Section 09A g/8'+2" blitz 2004 (4)}) 7. d4 Be7 8. c4 c6 9. Nc3 Nbd7 10. Bf4 Nh5 11. Bd2 Nhf6 12. Qb3 O-O 13. cxd5 cxd5 14. Rec1 a6 15. a4 Ne4 16. Be1 Nd6 17. e3 Rc8 18. Bf1 Rc7 19. Na2 Nc4 20. Nd2 Nf6 21. Rab1 Qd7 22. Qd1 Rfc8 23. Nf3 Ne4 24. b3 Na5 25. Ne5 Qd8 26. Rxc7 Rxc7 27. Rc1 Bd6 28. Rxc7 Qxc7 29. Nf3 h5 30. Bd3 g6 31. Qb1 Be7 32. Ne5 Bd6 33. b4 Nc6 34. Nf3 Ne7 35. Nd2 Nxd2 36. Bxd2 h4 37. Be1 e5 38. Nc3 Qd7 39. Qb3 exd4 40. exd4 Qg4 41. b5 a5 42. Bf1 Qxd4 43. Bg2 Bb4 44. Qc2 Qc4 45. Bd2 Nf5 46. Qc1 Nd4 47. Qe1 Ne6 48. Qe5 Qd4 49. Qe1 Qd3 50. Bf1 Qf5 51. Ne2 d4 52. Bxb4 axb4 0-1

[Event "45th Olympiad 2024"]
[Site "Budapest HUN"]
[Date "2024.09.14"]
[Round "4.14"]
[Board "4"]
[White "Zlatkov, Anton"]
[Black "L'Ami, Erwin"]
[Result "1/2-1/2"]
[WhiteElo "2346"]
[BlackElo "2628"]
[PlyCount "104"]
[EventDate "2024.09.11"]
[WhiteTeam "North Macedonia"]
[BlackTeam "Netherlands"]
[BlackTeamCountry "NED"]

1. Nf3 d5 2. g3 Nf6 3. Bg2 c6 4. c4 dxc4 5. O-O e6 6. a4 a5 ({RR} 6... Nbd7 7. Qc2 e5 8. Qxc4 Nc5 9. Ng5 Ne6 10. d3 a5 11. Na3 Nxg5 12. Bxg5 h6 13. Bxf6 Qxf6 14. f4 exf4 15. Rxf4 Qxb2 16. Bxc6+ bxc6 17. Qxc6+ Ke7 18. Qc7+ Ke8 19. Qxf7+ Kd8 20. Qd5+ Ke8 21. Rb1 {1-0 Duda,J (2733)-Tabatabaei,M (2712) FIDE World Rapid Team 2024 (12.2)}) ({RR} 6... b6 7. Na3 Bb7 8. Nxc4 Nbd7 9. Qc2 Rc8 10. d3 Be7 11. Bf4 O-O 12. Nd6 Bxd6 13. Bxd6 Re8 14. e4 c5 15. e5 Nd5 16. a5 Nb8 17. Nd2 Nb4 18. Qb3 Bxg2 19. Kxg2 N8c6 20. axb6 axb6 21. Nf3 {1-0 Mahdavi,R (2389)-Zirkelbach,M (2261) Abu Dhabi Masters Online 2024 (3)}) 7. Qc2 Na6 $146 ({RR} 7... Nbd7 8. Qxc4 e5 9. Nc3 Bb4 10. d3 O-O 11. Be3 Re8 12. Ng5 Qe7 13. Rad1 h6 14. Nge4 Ng4 15. Bc1 Nb6 16. Qb3 Be6 17. Qc2 f5 18. Nd2 Rad8 19. Nc4 Nxc4 20. dxc4 e4 21. h3 Ne5 22. b3 {0-1 Carlstedt,J (2339)-Braun,A (2519) GER-chT Betrieb 2009 (5.1)}) ({RR} 7... Be7 8. Qxc4 O-O 9. d4 Na6 10. Rd1 Nb4 11. Ne5 Qb6 12. e4 Rd8 13. Be3 Qa6 14. Qb3 b6 15. Nc3 Bd7 16. f4 Be8 17. Rac1 Rac8 18. Qc4 Qb7 19. Qe2 c5 20. Nc4 cxd4 21. Rxd4 Rxd4 22. Bxd4 {1-0 Leon Hoyos,M (2525)-Lisowski,K (2152) Guingamp op 14th 2010 (6)}) ({RR} 7... Qd5 8. Na3 Bxa3 9. bxa3 Qe4 10. d3 cxd3 11. exd3 Qd5 12. Bf4 O-O 13. Ne5 Qd8 14. Nc4 Nd5 15. Bd6 Re8 16. Rab1 Nd7 17. Rfe1 b6 18. g4 Ba6 19. d4 Rc8 20. Bg3 Bxc4 21. Qxc4 Qg5 22. h3 {0-1 Tereick,B (2382)-Beikert,G (2434) GER-ch 78th Bad Koenigshofen 2007 (4)}) 8. Qxc4 Nb4 9. Nc3 Be7 10. d4 O-O 11. Qb3 Nd7 12. Rd1 Qb6 13. Bg5 Bxg5 14. Nxg5 e5 15. d5 h6 16. Nge4 Nxd5 17. Qc4 N7f6 18. Qc5 Nxe4 19. Qxb6 Nxb6 20. Nxe4 Nd5 21. Nc5 Nc7 22. Rac1 Ne6 23. Nd7 Bxd7 24. Rxd7 Rab8 25. Bh3 Rfe8 26. Bxe6 Rxe6 27. Rc7 Kf8 28. Rc5 f6 29. Rxa5 Re7 30. Rxe7 Kxe7 31. Ra7 Kd6 32. Kg2 Kc5 33. a5 Kc4 34. Kf3 Kb3 35. a6 bxa6 36. Rxa6 c5 37. Ke4 c4 38. Rc6 Rd8 39. Rb6+ Kc2 40. Rb4 Rc8 41. Rb7 g6 42. Kd5 Kd2 43. Rb6 Rf8 44. e4 Kd3 45. f4 Rd8+ 46. Kc5 Rc8+ 47. Kd5 Rd8+ 48. Kc5 exf4 49. Rxf6 Rc8+ 50. Kd5 Rd8+ 51. Kc5 Rc8+ 52. Kd5 Rd8+ 1/2-1/2

[Event "45th Olympiad 2024"]
[Site "Budapest HUN"]
[Date "2024.09.14"]
[Round "4.16"]
[Board "4"]
[White "Lagarde, Maxime"]
[Black "Murshed, Niaz"]
[Result "1-0"]
[WhiteElo "2598"]
[BlackElo "2318"]
[PlyCount "67"]
[EventDate "2024.09.11"]
[WhiteTeam "France"]
[BlackTeam "Bangladesh"]
[WhiteTeamCountry "FRA"]
[BlackTeamCountry "BAN"]

1. e4 e5 2. Nf3 Nc6 3. Bb5 a6 4. Ba4 Nf6 5. O-O Be7 6. Re1 b5 7. Bb3 d6 8. c3 O-O 9. h3 Bb7 10. d3 h6 11. Be3 ({RR} 11. Bc2 Re8 12. a3 Bf8 13. d4 g6 14. Nbd2 Bg7 15. d5 Nb8 16. c4 c6 17. dxc6 Nxc6 18. cxb5 axb5 19. Nf1 d5 20. exd5 Nxd5 21. Bb3 Na5 22. Ba2 Nb6 23. Qe2 e4 24. N3d2 Qd3 25. Ne3 Rad8 {½-½ Fiorito,F (2291)-Poliakova,V (1963) Titled Tuesday intern op 06th Sep Early blitz 2022 (11)}) 11... d5 $146 ({RR} 11... Re8 12. Nbd2 a5 13. Nf1 Nh7 14. Ng3 Bg5 15. Nf5 Bc8 16. Bd5 Qd7 17. Nxg5 Nxg5 18. Bxg5 hxg5 19. Qg4 Rf8 20. Qxg5 g6 21. Bxc6 Qe6 22. Bd5 Qd7 23. Qxg6+ Kh8 24. Qg7# {1-0 Nguyen,H (2073)-Tran,T VIE-chT Super 2004 (3)}) ({RR} 11... Na5 12. Bc2 c5 13. Nbd2 Re8 14. d4 Qc7 15. d5 c4 16. Nf1 Bc8 17. b4 cxb3 18. axb3 Nb7 19. Qd2 Nc5 20. Ng3 a5 21. b4 Ncd7 22. Bd3 Bb7 23. Bxb5 Rec8 24. Rec1 axb4 25. Rxa8 Rxa8 26. cxb4 {1-0 Durarbayli,V (2606)-Chirila,I (2536) Titled Tuesday intern op 12th May blitz 2020 (3)}) ({RR} 11... Re8 12. Nbd2 Bf8 13. Bc2 d5 14. exd5 Nxd5 15. d4 Nxe3 16. Rxe3 exd4 17. Rxe8 Qxe8 18. Nxd4 Nxd4 19. cxd4 Qe6 20. Nf3 Bd6 21. Qd3 g6 22. Bb3 Qe4 23. Qxe4 Bxe4 24. Ne5 Bxe5 25. dxe5 Rd8 26. e6 {½-½ Gaure,S (1504)-Rolstad,M (1668) Fagernes TV2 Elo op 2017 (4)}) ({RR} 11... Nh7 12. Nbd2 Ng5 13. Nxg5 Bxg5 14. Nf3 Be7 15. Qd2 Kh7 16. Re2 Qd7 17. Rf1 f5 18. exf5 Qxf5 19. Bc2 d5 20. Nxe5 Qh5 21. d4+ Kg8 22. f4 Nxe5 23. fxe5 Rxf1+ 24. Kxf1 Rf8+ 25. Rf2 Bc8 26. Rxf8+ {1-0 Szenczi,J (1770)-Kurtulik,A (1818) SVK-chT2B 1819 2018 (8.8)}) 12. Nbd2 d4 13. cxd4 exd4 14. Bf4 Na5 15. Bc2 c5 16. Nf1 Re8 17. Rc1 Bf8 18. Ng3 Bc8 19. b4 cxb4 20. Bb1 Ra7 21. Ne2 Nd7 22. Nexd4 Nc5 23. Nb3 Naxb3 24. axb3 Be6 25. Bc2 f5 26. Ne5 Qf6 27. exf5 Bxf5 28. Bg3 Ne6 29. d4 Bxc2 30. Rxc2 a5 31. Rce2 Nc7 32. d5 Ra6 33. Nd7 Qf7 34. Nxf8 1-0

[Event "45th Olympiad 2024"]
[Site "Budapest HUN"]
[Date "2024.09.14"]
[Round "4.17"]
[Board "3"]
[White "Egilstoft, Rogvi"]
[Black "Lupulescu, Constantin"]
[Result "1/2-1/2"]
[WhiteElo "2278"]
[BlackElo "2590"]
[PlyCount "170"]
[EventDate "2024.09.11"]
[WhiteTeam "Faroe Islands"]
[BlackTeam "Romania"]
[WhiteTeamCountry "FAI"]
[BlackTeamCountry "ROU"]

1. e4 c5 2. c3 d5 3. exd5 Qxd5 4. d4 g6 5. Be3 cxd4 6. cxd4 Bg7 7. Nf3 Qa5+ 8. Nbd2 ({RR} 8. Nc3 Nh6 9. Bb5+ Bd7 10. a4 O-O 11. O-O Nf5 12. Bf4 a6 13. b4 Qd8 14. Bxd7 Qxd7 15. Ne4 Nc6 16. Nc5 Qc8 17. Rc1 Nfxd4 18. Nxd4 Nxd4 19. Be3 Rd8 20. Nxa6 Nc6 21. Qb3 bxa6 22. b5 axb5 {0-1 Fedoseev,V (2704)-Vakhidov,J (2552) Cappelle Online Blitz op 2022 (11)}) ({RR} 8. Nc3 Nh6 9. Bc4 O-O 10. O-O Bg4 11. d5 Nd7 12. Re1 Nf5 13. Bd2 Ne5 14. Be2 Bxf3 15. gxf3 Rac8 16. Nb5 Nxf3+ 17. Bxf3 Qxb5 18. Qb3 Qd7 19. Bg4 Rfe8 20. Rad1 Qd6 21. Bxf5 gxf5 22. Qxb7 Rc4 {1-0 Bergez,L (2294)-Dessyn,T (2182) ch-Paris IdF Masters 2024 (4.7)}) 8... Be6 $146 ({RR} 8... Nh6 9. Bc4 O-O 10. O-O Nf5 11. Nb3 Qb6 12. Qe2 Nc6 13. Rfd1 Nxe3 14. fxe3 e5 15. d5 e4 16. dxc6 Bg4 17. Qf2 exf3 18. gxf3 Bh6 19. Rd4 Rae8 20. Re1 Bc8 21. cxb7 Bxb7 22. e4 Bf4 23. Bd5 {0-1 Ynojosa Aponte,F (2439)-Nasanjargal,U (2323) Wch U20 52nd 2013 (5)}) 9. b4 Qd8 10. Qa4+ Nd7 11. Ne4 Bd5 12. Bd3 Ngf6 13. Nxf6+ exf6 14. O-O Bxf3 15. gxf3 O-O 16. Rac1 Nb6 17. Qb3 f5 18. a4 Bxd4 19. Bxd4 Qxd4 20. Rfd1 Qf4 21. Bf1 Rad8 22. Kh1 Rxd1 23. Rxd1 Rc8 24. a5 Nc4 25. Qc3 Nd6 26. Qd3 Rd8 27. b5 Qe5 28. a6 Qc5 29. Qd2 Qb6 30. Qe3 Qxe3 31. fxe3 bxa6 32. bxa6 Kf8 33. Kg2 Ke7 34. Rb1 Rc8 35. Rb2 Rc3 36. Kf2 Rc6 37. Be2 Kd7 38. Bd3 Kc7 39. e4 fxe4 40. fxe4 f6 41. Ke3 Rb6 42. Rxb6 Kxb6 43. Kd4 Nb5+ 44. Kd5 Nc7+ 45. Kd6 Nxa6 46. e5 fxe5 47. Kxe5 Nb4 48. Bc4 a5 49. Bg8 h6 50. Bb3 Nd3+ 51. Kf6 Nf4 52. Kg7 h5 53. Kh6 Kb5 54. Kg5 Kb4 55. Bf7 Ne2 56. Be8 Nd4 57. Kxg6 h4 58. Kh5 Nb5 59. Kxh4 a4 60. Kg4 a3 61. Bf7 Nd4 62. Ba2 Ne2 63. h4 Nc1 64. h5 Nxa2 65. h6 Nc3 66. h7 a2 67. h8=Q a1=Q 68. Qd4+ Kb5 69. Qe5+ Kc4 70. Qf4+ Kd5 71. Qf5+ Kd6 72. Qf6+ Kc5 73. Qe5+ Kc4 74. Qf4+ Kb5 75. Qe5+ Ka4 76. Qd4+ Kb3 77. Qb6+ Kc4 78. Qc6+ Kd3 79. Qf3+ Kd2 80. Qf4+ Kc2 81. Qf2+ Kc1 82. Qe3+ Kb2 83. Qf2+ Kb1 84. Qg1+ Ka2 85. Qxa1+ Kxa1 1/2-1/2